Bilecik Bilecik Bilecik Bilecik Bilecik

Vakıf su defterleri : (Record no. 19779)

MARC details
000 -BAŞLIK
Sabit Uzunluktaki Kontrol Alanı 02011nam a22005057a 4500
001 - KONTROL NUMARASI
Control Dosyası 0019822
003 - KONTROL NUMARASI KİMLİĞİ
Kontrol Alanı KOHA_MİRAKIL
005 - EN SON İŞLEM TARİHİ ve ZAMANI
Kontrol Alanı 20260207002244.0
007 - FİZİKSEL TANIM SABİT ALAN - GENEL BİLGİ
Sabit uzunluklu kontrol alanı ta
008 - SABİT UZUNLUKTAKİ VERİ ÖGELERİ - GENEL BİLGİ
Sabit Alan 100722b2002 tu |||gr||||#||||0|tur |
020 ## - ISBN - ULUSLARARASI STANDART KİTAP NUMARASI
Isbn 9758215043
Nitelik bilgileri (set)
020 ## - ISBN - ULUSLARARASI STANDART KİTAP NUMARASI
Isbn 9789758215041
Nitelik bilgileri (set)
020 ## - ISBN - ULUSLARARASI STANDART KİTAP NUMARASI
Isbn 9756582219
Nitelik bilgileri (c. 1)
020 ## - ISBN - ULUSLARARASI STANDART KİTAP NUMARASI
Isbn 9789756582213
Nitelik bilgileri (c. 1)
020 ## - ISBN - ULUSLARARASI STANDART KİTAP NUMARASI
Isbn 9756582227
Nitelik bilgileri (c. 2)
020 ## - ISBN - ULUSLARARASI STANDART KİTAP NUMARASI
Isbn 9789756582220
Nitelik bilgileri (c. 2)
020 ## - ISBN - ULUSLARARASI STANDART KİTAP NUMARASI
Isbn 9756582235
Nitelik bilgileri (c. 3)
020 ## - ISBN - ULUSLARARASI STANDART KİTAP NUMARASI
Isbn 9789756582237
Nitelik bilgileri (c. 3)
Kullanılabilirlik koşulları 0,01
040 ## - KATALOGLAMA KAYNAĞI
Özgün Kataloglama Kurumu TR-BiSEU
Kataloglama Dili tur
Çeviri Kurumu TR-BiSEU
Açıklama Kuralları rda
041 0# - DİL KODU
Metin ya da ses kaydının dil kodu tur
044 ## - YAYINLAYAN/ÜRETEN KURULUŞUN ÜLKE KODU
ISO country code tu
050 ## - SINIFLAMA ve YER NUMARASI
Sınıflama Numarası TD312.I88
Yer Numarası V35 2002
245 0# - ESER ADI BİLDİRİMİ
Başlık Vakıf su defterleri :
Alt Eseradı vb. Avrupa yakası suları 1/
Sorumluluk Bildirimi proje ve yayın yönetmeni Ahmet Kal'a ; yayın hazırlama kurulu, Ahmet Tabakoğlu ... [ve bşk.]..
264 #1 - ÜRERİM, YAYIN, DAĞITIM ve TELİF BİLDİRİMİ
Yayın yeri İstanbul :
Yayınlayan T.C. İstanbul Büyükşehir Belediyesi, İstanbul Su ve Kanalizasyon İdaresi Genel Müdürlüğü
Yayın tarihi 2002
300 ## - FİZİKSEL TANIMLAMA
Sayfa, Cilt vb. 3 c.: resimli; 32 cm.
336 ## - İÇERİK TÜRÜ
Content type term metin
Content type code txt
Source rdacontent
337 ## - MEDYA TÜRÜ
Media type term aracısız
Media type code n
Source rdamedia
338 ## - TAŞIYICI TÜRÜ
Carrier type term cilt
Carrier type code nc
Source rdacarrier
490 1# - DİZİ BİLDİRİMİ
Dizi Bildirimi İstanbul Su Külliyatı ;
Cilt Numarası 23-25.
490 1# - DİZİ BİLDİRİMİ
Dizi Bildirimi İstanbul Büyükşehir Belediyesi.
490 1# - DİZİ BİLDİRİMİ
Dizi Bildirimi İstanbul Su ve Kanalizasyon İdaresi Genel Müdürlüğü yayınları ;
Cilt Numarası no.
490 1# - DİZİ BİLDİRİMİ
Dizi Bildirimi 40
500 ## - GENEL NOT
Genel Not Osmanlı Cihan Devleti'nin kuruluşunun 700. yılı hatırasına.
500 ## - GENEL NOT
Genel Not Kaynakça var.
500 ## - GENEL NOT
Genel Not (c. 1.) 1603-1826.-- ( c. 2) 1577-1842.-- (c. 3.) 1574-1831.
500 ## - GENEL NOT
Genel Not İstanbul Su Külliyatı cilt 23
505 ## - İÇİNDEKİLER NOTU
İçindekiler Notu Water supply; Istanbul, Turkey; history; sources.
650 #0 - KONU BAŞLIĞI EK GİRİŞ - KONU TERİMİ
Konusal terim veya coğrafi ad Su sağlama--Türkiye--İstanbul--Tarih--Kaynaklar.
9 (RLIN) 38051
650 #0 - KONU BAŞLIĞI EK GİRİŞ - KONU TERİMİ
Konusal terim veya coğrafi ad Water-supply--Turkey--Istanbul--History--Sources.
9 (RLIN) 38049
830 1# - SERİ EK GİRİŞİ - TEKBİÇİM ESER ADI
Tekbiçim Başlık İstanbul Su Külliyatı ;
Volume number/sequential designation 23-25.
9 (RLIN) 44099
830 1# - SERİ EK GİRİŞİ - TEKBİÇİM ESER ADI
Tekbiçim Başlık İstanbul Büyükşehir Belediyesi.
9 (RLIN) 30556
830 1# - SERİ EK GİRİŞİ - TEKBİÇİM ESER ADI
Tekbiçim Başlık İstanbul Su ve Kanalizasyon İdaresi Genel Müdürlüğü yayınları ;
Volume number/sequential designation no.
9 (RLIN) 44100
830 1# - SERİ EK GİRİŞİ - TEKBİÇİM ESER ADI
Tekbiçim Başlık 40
9 (RLIN) 8551
942 ## - EK GİRİŞ ÖGELERİ (KOHA)
Source of classification or shelving scheme Library of Congress Classification
Koha item type Book
Holdings
Materyal Türü Kalıcı Konum Mevcut Konum Raf Yeri Sınıflandırma Kaynağı Edinim Bilgisi Ana Konular Alt Konular Yer Numarası Cilt Bilgisi Demirbaş Numarası Fatura Tarihi Geri Çekilme Durumu Kayıp Durumu Hasarlı Durumu Kredi için değil Kayıt Tarih Toplam Ödünçverme Son Görülme Tarihi Son Kontrol Tarihi Genel / Bağış Notu
Book Prof. Dr. Azmi Özcan Kütüphanesi Prof. Dr. Azmi Özcan Kütüphanesi Birûni Salonu Library of Congress Classification Bağış TEKNOLOJİ Çevre Teknolojisi, Sıhhi Mühendislik TD312.I88 V35 2002 c.1 0019822 13/08/2010         19/07/2010   05/12/2024 05/12/2024 Genel Bağış
Book Prof. Dr. Azmi Özcan Kütüphanesi Prof. Dr. Azmi Özcan Kütüphanesi Birûni Salonu Library of Congress Classification Bağış TEKNOLOJİ Çevre Teknolojisi, Sıhhi Mühendislik TD312.I88 V35 2002 c.2 0019823 13/08/2010         22/07/2010   05/12/2024 05/12/2024 Genel Bağış
Book Prof. Dr. Azmi Özcan Kütüphanesi Prof. Dr. Azmi Özcan Kütüphanesi Birûni Salonu Library of Congress Classification Bağış TEKNOLOJİ Çevre Teknolojisi, Sıhhi Mühendislik TD312.I88 V35 2002 c.3 0019824 13/08/2010         22/07/2010   05/12/2024 05/12/2024 Genel Bağış